Vector 2007/2008 laboratories

में बचाया:
ग्रंथसूची विवरण
स्वरूप: पुस्तक
भाषा:Undetermined
प्रकाशित: Burlingame, CA. Vector Laboratories 2007
विषय:
टैग : टैग जोड़ें
कोई टैग नहीं, इस रिकॉर्ड को टैग करने वाले पहले व्यक्ति बनें!
Thư viện lưu trữ: Trung tâm Học liệu Trường Đại học Cần Thơ
LEADER 00468nam a2200157Ia 4500
001 CTU_162209
008 210402s9999 xx 000 0 und d
082 |a 571.986 
082 |b V413 
245 0 |a Vector 2007/2008 laboratories 
260 |a Burlingame, CA. 
260 |b Vector Laboratories 
260 |c 2007 
650 |a Vector,Laboratory,Côn trùng,Phòng thí nghiệm 
904 |i Trương Vi 
980 |a Trung tâm Học liệu Trường Đại học Cần Thơ